000 01035nam a2200253 a 4500
001 83595
003 BD-RjUL
005 20240428100740.0
008 240428s2008 bg a|||| m||| 00| 0 eng d
035 _a(BD-RjUL)83595
040 _aBD-RjUL
_beng
_cBD-RjUL
_dBD-RjUL
041 _aeng
082 _223
_a579.50954924
_bKHE 2008
100 _aKhan, Md. Salahuddin
_94525
245 1 0 _aEcology of Aeromycoflora in Rajshahi Metropolitan City /
_cBy Md. Salahuddin Khan ;
_6Principal Supervisor : M. Shah Alam, Co-Supervisor : Md. Sarwar Jahan
260 _aRajshahi :
_bInstitute of Environmental Science, University of Rajshahi (IES),
_c2008
300 _axiii, 162 xi, Leaves :
_bill, ;
_c29 cm.
502 _aThesis (Ph. D.) -- Institute of Environmental Science, University of Rajshahi (ISE), 2008
504 _aReferences : Leaves 153-162
650 _aEcology
_xSolid Organic
_zRajshahi City
_912736
700 _aAlam, M. Shah, Principal Supervisor
_93766
700 _aJahan, Md. Sarwar, Co-Supervisor
_912737
942 _2ddc
_cTHE
999 _c83595
_d83595